000 00456nmm a2200169Ia 4500
008 251105s9999||||xx |||||||||||||||||und||
020 _a8489354723
041 _aspa
100 _aZavala, Iris. M
245 0 _aEl sueño del amor
264 _a[Madrid, España] :
_bMontesinos,
_c1984
300 _a156 páginas
490 _aNarrativa
650 _aNorth American narrative
856 _uhttps://public.digitaliapublishing.com/a/37099
942 _cCF
999 _c73893
_d73893